BIRDS OF A FEATHER - Billie Eilish (All Lyrics) - Statistics

General Stats
  • This quiz has been taken 341 times
  • The average score is 239 of 291
Answer Stats
Lyrics % Correct
I
100%
to
100%
a
99%
you
99%
you,
99%
You
99%
of
97%
the
96%
Birds
95%
feather,
95%
I'm
95%
want
95%
we
95%
together,
94%
don't
93%
Don't
93%
know
93%
'Til
93%
'til
93%
('Til
93%
be
92%
for
92%
love
91%
should
91%
stick
91%
it
90%
It
90%
it,
90%
and
89%
And
89%
in
89%
die
88%
die)
88%
stay
88%
that
88%
better
87%
day
87%
go,
87%
my
87%
what
87%
But
86%
but
86%
cryin'
86%
cryin'
86%
If
86%
if
86%
could
84%
think
84%
was
84%
baby
83%
baby,
83%
forever
83%
forever,
83%
not
83%
more
82%
it's
81%
even
80%
grave
80%
me
79%
me,
79%
eyes
78%
eyes)
78%
Can't
77%
weather,
77%
'Cause
76%
always
75%
might
74%
Might
74%
too,
74%
your
74%
away,
73%
change
73%
goin'
73%
I'll
73%
never
73%
Say
72%
say
72%
alone
71%
carry
71%
said
71%
Nothin'
70%
I'd
69%
light
69%
so
69%
dead
68%
please
68%
blue,
67%
save
67%
without
67%
left
66%
see,
66%
see
66%
you're
66%
buried
65%
casket
65%
How
65%
lose
65%
wanna
64%
turnin'
63%
wasn't
63%
full
62%
shit,
62%
look
60%
would
60%
leaves
59%
long,
57%
goodbye
55%
told
55%
rot
54%
stupid
54%
oh
53%
Tell
53%
believe
50%
wouldn't
47%
ya
46%
life
43%
bit,
42%
quit,
42%
knew
41%
compliments
40%
had
40%
another
39%
same
39%
mind's
38%
throw
37%
act
36%
hm
36%
surprised
34%
polluted
33%
keep
27%
alright
25%
No matching quizzes found
Score Distribution
Percent of People with Each Score
Percentile by Number Answered
Your Score History
You have not taken this quiz